Папороть не цвіте (Запис № 458062)

МАРК-запис
000 -Лідер
fixed length control field 00757 a2200229 4500
003 - Ідентифікатор контрольного номера
control field UA-OsUOA
005 - Дата та час останнього входження (трансакції)
control field 20200213091357.0
008 - Елементи даних фіксованої довжини – загальна інформація
fixed length control field 200210b un ||||| |||| 00| 0 ukr d
040 ## - Джерело каталогізації
Агенція оригінальної каталогізації UA-OsUOA
Мова каталогізації ukr
Агенція, яка здійснювала перезапис UA-OsUOA
Агенція, яка здійснювала модифікацію UA-OsUOA
041 ## - Код мови
Код мови тексту/ звукової доріжки чи окремого заголовка (П) ukr
080 ## - Індекс Універсальної десяткової класифікації
Індекс Універсальної десяткової класифікації (УДК) (НП) 82-31
090 ## - Локальний шифр розміщення
Класифікаційний індекс УДК 82-31
Авторський знак (НП) Я76
100 ## - Основне введення – ім’я особи
Ім’я особи (НП) Ярославська Д.
245 ## - Відомості про назву
Назва (НП) Папороть не цвіте
Дані про відповідальність (НП) Д. Ярославська
Решта назви (НП) повість
260 ## - Публікація, розповсюдження і т.п. (Вихідні дані)
Дата публікації, розповсюдження і т.п. (П) 1976
Місце публікації, розповсюдження і т.п. (П) Ню Джерсі
300 ## - Фізичний опис
Обсяг 244 с.
650 ## - Додаткове предметне введення – тематичний термін
Джерело заголовка чи терміна UDC
Тематичний термін чи географічна назва, як елемент введення (НП) 82-31 Романи. Повісті
700 1# - Додаткове введення – ім'я особи
Ім’я особи (НП) Ярославська Д.
942 ## - Додаткові елементи входу (Коха)
Тип елемента Koha Книги
Source of classification or shelving scheme Universal Decimal Classification
955 ## - Код типу видання за змістом
Код типу видання за змістом (НП) Літературно-художні видання
Фонди
Стан вилучень Стан втрат Джерело класифікації або схеми стелажів Стан уражень Не для кредиту Постійне місце розташування Поточне розміщення Дата придбання Джерело придбання Вартість, звичайна ціна покупки Інвентарний номер Усього замовленно Повний номер виклику Штрих-код Дата останнього перегляду Ціна ефективна від Тип елемента Koha Примітка, призначена для загального доступу
    Universal Decimal Classification     АБ - Абонемент НБ АБ - Абонемент НБ 12/01/2016 2/2016 15.00 150235   821.161.2 Я76 150235 08/04/2022 12/01/2016 Книги  
    Universal Decimal Classification     Наукова бібліотека ІДУД Наукова бібліотека ІДУД 10/02/2020 Акт надходження № 2/2020 (від О. Іванусіва) 1.00 2139896   82-31 Я76 2139896 10/02/2020 10/02/2020 Книги Дарувальник Іванусів О.